ბათუმის შოთა რუსთაველის სახელმწიფო უნივერსიტეტის ბიბლიოთეკა

ზოგადი ბიოქიმიის საფუძვლები / (ბიბ.ჩანაწერი № 62975)

000 -ლიდერი
ფიქსირებული სიგრძის საკონტროლო ველი 01178nam a22002297a 4500
003 - საკონტროლო ნომრის იდენტიფიკატორი
საკონტროლო ველი Ge_BSU
005 - ბოლო ოპერაციის თარიღი და დრო
საკონტროლო ველი 20250422150855.0
008 - ფიქსირებული სიგრძის მონაცემთა ელემენტები - ზოგადი ინფორმაცია
ფიქსირებული სიგრძის საკონტროლო ველი 250422s1995 ge ||||| |||| 00| 0 geo d
041 ## - ენის კოდი
Language code of text/sound track or separate title geo
080 ## - უნივერსალური ათობითი კლასიფიკაციის ინდექსი
Universal Decimal Classification number 577.1(075.8) ა-48
100 ## - მთავარი ჩანაწერი - პიროვნების სახელი
Personal name ალექსიძე, ნ.
9 (RLIN) 1094
245 ## - ცნობა სათაურის შესახებ
Title ზოგადი ბიოქიმიის საფუძვლები /
Statement of responsibility, etc ნ. ალექსიძე; რედ.: დ. უგრეხელიძე, გ. ტყემალაძე; გორის ეკონომიკურ -ჰუმანიტარული ინსტიტუტი.
250 ## - გამოცემის ცნობა
Edition statement მეორე გამოცემა
264 ## - წარმოების, გამოცემის, დისტრიბუციის და სხვა ცნობები
გამოცემის, წარმოების, დისტრიბუციის... ადგილი თბ. :
გამოცემის, წარმოების, დისტრიბუციის... თარიღი 1995.
300 ## - ფიზიკური აღწერა
Extent 442 გვ. ;
Other physical details 20 სმ.
504 ## - BIBLIOGRAPHY, ETC. NOTE
Bibliography, etc ბიბლიოგრ.: გვ. 433.
600 ## - SUBJECT ADDED ENTRY--PERSONAL NAME
Personal name ბიოქიმია.
9 (RLIN) 24877
700 ## - ADDED ENTRY--PERSONAL NAME
Personal name უგრეხელიძე, დ.
Relator term რედაქტორი
9 (RLIN) 24746
700 ## - ADDED ENTRY--PERSONAL NAME
Personal name ტყემალაძე, გ.
Relator term რედაქტორი
9 (RLIN) 24878
710 ## - ADDED ENTRY--CORPORATE NAME
Corporate name or jurisdiction name as entry element გორის ეკონომიკურ -ჰუმანიტარული ინსტიტუტი
9 (RLIN) 24879
942 ## - ADDED ENTRY ELEMENTS (KOHA)
Source of classification or shelving scheme
Koha item type წიგნი
ეგზემპლარები
ჩამოწერის სტატუსი დაკარგული ეგზემპლარის სტატუსი კლასიფიკაციის წყარო ან თაროზე გაწყობის სქემა დაზიანების სტატუსი არ გაიცემა მუდმივი მდებარეობა (დაცვის ადგილი) ამჟამინდელი ადგილსამყოფელი თაროზე განთავსების ადგილი შეძენის თარიღი ღირებულება, შესყიდვის ნორმალური ფასი სრული შენახვის შიფრი შტრიხკოდი ბოლო ოპერაციის თარიღი ეგზემპლარის მიმდევრობითი ნომერი (კეტერი?) ფასის ძალაში შესვლის თარიღი ეგზემპლარის სახეობა საჯარო შენიშვნა
          ბათუმის შოთა რუსთაველის სახელმწიფო უნივერსიტეტის მთავარი ბიბლიოთეკა ბათუმის შოთა რუსთაველის სახელმწიფო უნივერსიტეტის მთავარი ბიბლიოთეკა წიგნსაცავი 2025-04-22 12.00 577.1(075.8) ა-48 71175 2025-04-22 71175 2025-04-22 წიგნი 12 ლ.